000
00256nam a22001097a 4500
082
_a
621.3 POO'E
100
_a
POOLE, S,JACKSON, P. A
_9
79297
245
_a
ELECTRICAL CONTROL ENGINEERING
250
_a
VOL-1
260
_a
LONDON
_b
ILIFFE
_c
1967
942
_c
BK
999
_c
584348
_d
584348